00576 2200217 4500001002100000005001700021035002400038040001200062082000800074084001600082100002500098245006700123260002600190300003000216650002800246850001200274990001800286990001800304990001800322990001800340YOGYA00000000002628720160823101108.0 0010-081400000026005 aYOPDYOG a817 aK 817 Sud K aSudarmo, Darniinto M aKumpulan cerita humor Cina dan IndonesiacSudarmo, Darniinto M aJakartabKombatc2004 av, 343 hlm.bilus.c20 cm aCerita humor - Kumpulan aYOPDYOG a33809-PD/A.08 a33810-PD/A.08 a33811-PD/A.08 a33812-PD/A.08